[Event "Meister-Talente"]
[Site "Emanuel Lasker Arena"]
[Date "2020.11.06"]
[Round "7"]
[White "Johvon"]
[Black "Tschigorinfan97"]
[Result "0-1"]
[WhiteElo "1929"]
[BlackElo "2159"]
[Annotator "NA RC"]
[PlyCount "34"]
[EventDate "2020.11.06"]
[EventType "tourn (blitz)"]

1. d4 {[%emt 0:00:10]} d5 {[%emt 0:00:02]} 2. c4 {[%emt 0:00:03]} Nc6 {[%emt 0:00:01]} 3. Nc3 {[%emt 0:00:12]} e5 {[%emt 0:00:02]} 4. cxd5 {[%emt 0:00:11]} Nxd4 {[%emt 0:00:03]} 5. e3 {[%emt 0:00:05]} Nf5 {[%emt 0:00:01]} 6. Bb5+ {[%emt 0:00:05]} Bd7 {[%emt 0:00:02]} 7. Bxd7+ {[%emt 0:00:08]} Qxd7 {[%emt 0:00:00]} 8. Nge2 {[%emt 0:00:01]} Bd6 {[%emt 0:00:13]} 9. O-O {[%emt 0:00:28]} Nf6 {[%emt 0:00:02]} 10. Ng3 {[%emt 0:00:05]} Nxg3 {[%emt 0:00:15]} 11. hxg3 {[%emt 0:00:13]} h5 {[%emt 0:00:09]} 12. e4 {[%emt 0:00:11]} h4 {[%emt 0:00:22]} 13. gxh4 {[%emt 0:00:21]} Rxh4 {[%emt 0:00:00]} 14. Bg5 {[%emt 0:00:01]} Rh8 {[%emt 0:00:15]} 15. f4 {[%emt 0:00:06]} Bc5+ {[%emt 0:00:06]} 16. Rf2 {[%emt 0:00:02]} Ng4 {[%emt 0:00:06]} 17. Qf3 {[%emt 0:00:31]} Bxf2+ {[%emt 0:00:07] Johvon gibt auf (Lag: Av=0.75s, max=1.1s)} 0-1

[Event "Meister-Talente"]
[Site "Emanuel Lasker Arena"]
[Date "2020.11.06"]
[Round "7"]
[White "Torjaeger10"]
[Black "PeterLaFleur"]
[Result "0-1"]
[WhiteElo "1735"]
[BlackElo "2163"]
[Annotator "NA RC"]
[PlyCount "98"]
[EventDate "2020.11.06"]
[EventType "tourn (blitz)"]

1. e4 {[%emt 0:00:04]} c6 {[%emt 0:00:01]} 2. Nc3 {[%emt 0:00:05]} d5 {[%emt 0:00:03]} 3. d4 {[%emt 0:00:01]} dxe4 {[%emt 0:00:01]} 4. Nxe4 {[%emt 0:00:00]} Bf5 {[%emt 0:00:01]} 5. Ng3 {[%emt 0:00:03]} Bg6 {[%emt 0:00:01]} 6. N1e2 {[%emt 0:00:09]} e6 {[%emt 0:00:02]} 7. Nf4 {[%emt 0:00:02]} Qc7 {[%emt 0:00:01]} 8. c3 {[%emt 0:00:01]} Nf6 {[%emt 0:00:02]} 9. h4 {[%emt 0:00:10]} Bd6 {[%emt 0:00:02]} 10. Qf3 {[%emt 0:00:03]} Nbd7 {[%emt 0:00:01]} 11. h5 {[%emt 0:00:03]} Bc2 {[%emt 0:00:01]} 12. Bd3 {[%emt 0:00:05]} Bxd3 {[%emt 0:00:02]} 13. Nxd3 {[%emt 0:00:00]} Qa5 {[%emt 0:00:06]} 14. Ne4 {[%emt 0:00:09]} Nxe4 {[%emt 0:00:06]} 15. Qxe4 {[%emt 0:00:00]} Qd5 {[%emt 0:00:05]} 16. Qxd5 {[%emt 0:00:09]} cxd5 {[%emt 0:00:02]} 17. Bf4 {[%emt 0:00:03]} Ke7 {[%emt 0:00:02]} 18. Bxd6+ {[%emt 0:00:13]} Kxd6 {[%emt 0:00:00]} 19. f4 {[%emt 0:00:09]} Nf6 {[%emt 0:00:04]} 20. Nf2 {[%emt 0:00:11]} b5 {[%emt 0:00:03]} 21. Ke2 {[%emt 0:00:02]} Rhc8 {[%emt 0:00:03]} 22. g4 {[%emt 0:00:02]} b4 {[%emt 0:00:03]} 23. g5 {[%emt 0:00:13]} Ne4 {[%emt 0:00:02]} 24. Nxe4+ {[%emt 0:00:05]} dxe4 {[%emt 0:00:00]} 25. Rac1 {[%emt 0:00:08]} bxc3 {[%emt 0:00:01]} 26. bxc3 {[%emt 0:00:08]} Kd5 {[%emt 0:00:08]} 27. g6 {[%emt 0:00:07]} hxg6 {[%emt 0:00:07]} 28. hxg6 {[%emt 0:00:00]} f5 {[%emt 0:00:01]} 29. Rh7 {[%emt 0:00:09]} Rc7 {[%emt 0:00:04]} 30. Ke3 {[%emt 0:00:06]} Rac8 {[%emt 0:00:05]} 31. c4+ {[%emt 0:00:09]} Rxc4 {[%emt 0:00:04]} 32. Rxc4 {[%emt 0:00:00]} Rxc4 {[%emt 0:00:01]} 33. Rxg7 {[%emt 0:00:01]} Rc3+ {[%emt 0:00:01]} 34. Kd2 {[%emt 0:00:02]} Rg3 {[%emt 0:00:08]} 35. Rd7+ {[%emt 0:00:28]} Kc6 {[%emt 0:00:06]} 36. Rg7 {[%emt 0:00:07]} a5 {[%emt 0:00:01]} 37. Rg8 {[%emt 0:00:03]} Kd7 {[%emt 0:00:10]} 38. g7 {[%emt 0:00:10]} Ke7 {[%emt 0:00:02]} 39. a4 {[%emt 0:00:29]} Kf7 {[%emt 0:00:03]} 40. Ra8 {[%emt 0:00:00]} Kxg7 {[%emt 0:00:03]} 41. Rxa5 {[%emt 0:00:01]} Rd3+ {[%emt 0:00:01]} 42. Kc2 {[%emt 0:00:02]} Rxd4 {[%emt 0:00:01]} 43. Kb3 {[%emt 0:00:02]} Kf6 {[%emt 0:00:03]} 44. Re5 {[%emt 0:00:02]} Rd3+ {[%emt 0:00:30]} 45. Kc4 {[%emt 0:00:04]} Rf3 {[%emt 0:00:01]} 46. a5 {[%emt 0:00:09]} Rxf4 {[%emt 0:00:01]} 47. Rc5 {[%emt 0:00:01]} e3+ {[%emt 0:00:03]} 48. Kb5 {[%emt 0:00:01]} e2 {[%emt 0:00:02]} 49. Rc1 {[%emt 0:00:01]} Rf1 {[%emt 0:00:01] Torjaeger10 resigns} 0-1

[Event "Meister-Talente"]
[Site "Emanuel Lasker Arena"]
[Date "2020.11.06"]
[Round "7"]
[White "Opel 2004"]
[Black "Beyond_uoschi"]
[Result "1/2-1/2"]
[WhiteElo "1718"]
[BlackElo "2133"]
[Annotator "NA RC"]
[PlyCount "74"]
[EventDate "2020.11.06"]
[EventType "tourn (blitz)"]

1. e4 {[%emt 0:00:04]} e5 {[%emt 0:00:01]} 2. Nf3 {[%emt 0:00:01]} Nc6 {[%emt 0:00:00]} 3. Bc4 {[%emt 0:00:01]} Nf6 {[%emt 0:00:01]} 4. d3 {[%emt 0:00:01]} Be7 {[%emt 0:00:01]} 5. Nc3 {[%emt 0:00:06]} O-O {[%emt 0:00:01]} 6. O-O {[%emt 0:00:05]} d6 {[%emt 0:00:01]} 7. a4 {[%emt 0:00:07]} Bg4 {[%emt 0:00:08]} 8. h3 {[%emt 0:00:04]} Bh5 {[%emt 0:00:01] Opel 2004 reconnected.} 9. Nd5 {[%emt 0:00:07] Opel 2004 reconnected.} Nxd5 {[%emt 0:00:36]} 10. Bxd5 {[%emt 0:00:19] Opel 2004 reconnected.} Bxf3 {[%emt 0:00:08]} 11. Qxf3 {[%emt 0:00:05]} Nd4 {[%emt 0:00:01]} 12. Qd1 {[%emt 0:00:03]} c6 {[%emt 0:00:00]} 13. Ba2 {[%emt 0:00:07]} Bg5 {[%emt 0:00:00]} 14. c3 {[%emt 0:00:08]} Bxc1 {[%emt 0:00:07]} 15. Rxc1 {[%emt 0:00:01]} Ne6 {[%emt 0:00:02] Opel 2004 reconnected.} 16. Bxe6 {[%emt 0:00:07]} fxe6 {[%emt 0:00:00]} 17. d4 {[%emt 0:00:01] Opel 2004 reconnected.} exd4 {[%emt 0:00:12]} 18. cxd4 {[%emt 0:00:03] Opel 2004 reconnected.} Qb6 {[%emt 0:00:22]} 19. Qd2 {[%emt 0:00:12] Opel 2004 reconnected.} Rf7 {[%emt 0:00:08]} 20. Rc3 {[%emt 0:00:06]} Raf8 {[%emt 0:00:02]} 21. Rg3 {[%emt 0:00:05] Opel 2004 reconnected.} Rf4 {[%emt 0:00:09] Opel 2004 reconnected.} 22. Rg4 {[%emt 0:00:14]} Rxg4 {[%emt 0:00:07]} 23. hxg4 {[%emt 0:00:01]} Qb3 {[%emt 0:00:01]} 24. Ra1 {[%emt 0:00:10] Opel 2004 reconnected.} h6 {[%emt 0:00:20]} 25. Ra3 {[%emt 0:00:07]} Qc4 {[%emt 0:00:05] Opel 2004 reconnected.} 26. Rg3 {[%emt 0:00:03] Opel 2004 reconnected.} e5 {[%emt 0:00:41]} 27. g5 {[%emt 0:00:09]} hxg5 {[%emt 0:00:02] Opel 2004 reconnected.} 28. Qxg5 {[%emt 0:00:00]} Qf7 {[%emt 0:00:01]} 29. Rf3 {[%emt 0:00:15]} Qe8 {[%emt 0:00:01]} 30. Rxf8+ {[%emt 0:00:22]} Kxf8 {[%emt 0:00:00]} 31. dxe5 {[%emt 0:00:01]} Qxe5 {[%emt 0:00:16]} 32. Qd8+ {[%emt 0:00:08]} Kf7 {[%emt 0:00:01]} 33. Qd7+ {[%emt 0:00:08]} Qe7 {[%emt 0:00:01]} 34. Qf5+ {[%emt 0:00:02]} Qf6 {[%emt 0:00:01]} 35. Qd7+ {[%emt 0:00:02]} Qe7 {[%emt 0:00:00]} 36. Qf5+ {[%emt 0:00:07]} Qf6 {[%emt 0:00:01]} 37. Qd7+ {[%emt 0:00:01]} Qe7 {[%emt 0:00:01] (Lag: Av=0.38s, max=0.5s)} 1/2-1/2

[Event "Meister-Talente"]
[Site "Emanuel Lasker Arena"]
[Date "2020.11.06"]
[Round "7"]
[White "JR43"]
[Black "Ailton_32"]
[Result "0-1"]
[WhiteElo "1699"]
[BlackElo "2016"]
[Annotator "NA RC"]
[PlyCount "104"]
[EventDate "2020.11.06"]
[EventType "tourn (blitz)"]
[WhiteTeam "SV Werder Bremen I"]

{Reuker, Jari (2394)} 1. c4 {[%emt 0:00:06]} Nf6 {[%emt 0:00:02]} 2. d4 {[%emt 0:00:08]} e6 {[%emt 0:00:03]} 3. Nf3 {[%emt 0:00:01]} b6 {[%emt 0:00:07]} 4. g3 {[%emt 0:00:04]} Bb7 {[%emt 0:00:04]} 5. Bg2 {[%emt 0:00:01]} Be7 {[%emt 0:00:01]} 6. O-O {[%emt 0:00:01]} O-O {[%emt 0:00:00]} 7. Re1 {[%emt 0:00:00]} Na6 {[%emt 0:00:08]} 8. d5 {[%emt 0:00:36]} exd5 {[%emt 0:00:06]} 9. Nh4 {[%emt 0:00:11]} c6 {[%emt 0:01:00]} 10. cxd5 {[%emt 0:00:54]} Nxd5 {[%emt 0:00:02]} 11. e4 {[%emt 0:00:03]} Bxh4 {[%emt 0:00:10]} 12. gxh4 {[%emt 0:00:11]} Ndc7 {[%emt 0:00:04]} 13. Bg5 {[%emt 0:00:44]} Qe8 {[%emt 0:00:01]} 14. h5 {[%emt 0:00:08]} Ne6 {[%emt 0:00:08]} 15. Bh4 {[%emt 0:00:08]} f5 {[%emt 0:00:16]} 16. Nc3 {[%emt 0:00:08]} c5 {[%emt 0:00:21]} 17. Nd5 {[%emt 0:00:06]} fxe4 {[%emt 0:00:12]} 18. Bxe4 {[%emt 0:00:01]} Bxd5 {[%emt 0:00:08]} 19. Qxd5 {[%emt 0:00:02]} Nac7 {[%emt 0:00:07]} 20. Qe5 {[%emt 0:00:03]} Qf7 {[%emt 0:00:16]} 21. h6 {[%emt 0:00:05]} Rae8 {[%emt 0:00:05]} 22. Kh1 {[%emt 0:00:03]} g6 {[%emt 0:00:06]} 23. Rg1 {[%emt 0:00:02]} d5 {[%emt 0:00:07]} 24. Bxd5 {[%emt 0:00:02]} Nxd5 {[%emt 0:00:00]} 25. Qxd5 {[%emt 0:00:00]} Qf3+ {[%emt 0:00:14]} 26. Qxf3 {[%emt 0:00:01]} Rxf3 {[%emt 0:00:00]} 27. Rge1 {[%emt 0:00:02]} Kf7 {[%emt 0:00:00]} 28. Rad1 {[%emt 0:00:02]} Nd4 {[%emt 0:00:01]} 29. Rxe8 {[%emt 0:00:02]} Kxe8 {[%emt 0:00:00]} 30. Re1+ {[%emt 0:00:01]} Kf8 {[%emt 0:00:00]} 31. Re7 {[%emt 0:00:03]} Rf7 {[%emt 0:00:00]} 32. Re4 {[%emt 0:00:02]} Nf5 {[%emt 0:00:01]} 33. Bg5 {[%emt 0:00:01]} Rd7 {[%emt 0:00:00]} 34. Kg2 {[%emt 0:00:01]} Kf7 {[%emt 0:00:01]} 35. h4 {[%emt 0:00:02]} Rd4 {[%emt 0:00:02]} 36. Re5 {[%emt 0:00:01]} Nxh4+ {[%emt 0:00:02]} 37. Kh3 {[%emt 0:00:04]} Nf5 {[%emt 0:00:02]} 38. b3 {[%emt 0:00:04]} Rd6 {[%emt 0:00:05]} 39. Kg4 {[%emt 0:00:01]} Re6 {[%emt 0:00:02]} 40. Rd5 {[%emt 0:00:00]} Rd6 {[%emt 0:00:00]} 41. Re5 {[%emt 0:00:01]} a5 {[%emt 0:00:03]} 42. Re2 {[%emt 0:00:03]} Rd4+ {[%emt 0:00:04]} 43. f4 {[%emt 0:00:02]} a4 {[%emt 0:00:01]} 44. bxa4 {[%emt 0:00:02]} Rxa4 {[%emt 0:00:00]} 45. Rd2 {[%emt 0:00:01]} Rd4 {[%emt 0:00:07]} 46. Rb2 {[%emt 0:00:01]} Rd6 {[%emt 0:00:00]} 47. a4 {[%emt 0:00:03]} c4 {[%emt 0:00:00]} 48. Rb4 {[%emt 0:00:02]} c3 {[%emt 0:00:02]} 49. Kf3 {[%emt 0:00:01]} Rc6 {[%emt 0:00:02]} 50. Rb1 {[%emt 0:00:01]} c2 {[%emt 0:00:01]} 51. Rc1 {[%emt 0:00:01]} Nd4+ {[%emt 0:00:01]} 52. Ke4 {[%emt 0:00:01]} Nb3 {[%emt 0:00:00] JR43 gibt auf (Lag: Av=0.52s, max=0.7s)} 0-1

[Event "Meister-Talente"]
[Site "Emanuel Lasker Arena"]
[Date "2020.11.06"]
[Round "8"]
[White "PeterLaFleur"]
[Black "Johvon"]
[Result "1-0"]
[WhiteElo "2166"]
[BlackElo "1922"]
[Annotator "TA"]
[PlyCount "65"]
[EventDate "2020.11.06"]
[EventType "tourn (blitz)"]

{[%evp 9,65,-74,-66,-75,-66,-77,-68,-83,-20,-63,-73,-64,129,111,145,154,152,145,150,93,81,93,121,107,125,100,88,95,140,107,122,129,137,119,240,228,210,-36,-35,-199,151,156,157,141,256,275,272,270,266,260,318,238,431,424,29982,29983,29983,29984]} 1. Nf3 Nf6 2. c4 e6 3. Nc3 Bb4 4. Qc2 O-O 5. g4 Nxg4 6. Rg1 {A17: English Opening: 1...Nf6 with ...Bb4.} f5 7. h3 Nf6 8. a3 {[#] Black is slightly better.} Be7 $146 (8... Bxc3 $1 $17 9. Qxc3 d6) ({Predecessor:} 8... Bxc3 9. Qxc3 d6 10. b4 a5 11. b5 a4 12. Bb2 c6 13. e3 Nbd7 14. Nd4 Nc5 15. bxc6 {1-0 (89) Bartholomew,J (2428)-Martinez,M (2386) ICC INT 2007}) 9. d3 b6 10. Bh6 Rf7 $2 (10... Nh5 $15 {keeps the upper hand.}) 11. Ne5 $36 {[%mdl 2048] Black is under strong pressure.} Bf8 12. Nxf7 Kxf7 13. Bg5 Bb7 14. Bg2 (14. O-O-O $142) 14... Bxg2 $16 15. Rxg2 Nc6 16. e3 h6 17. Bxf6 Qxf6 18. O-O-O a6 19. Kb1 b5 20. d4 bxc4 21. d5 Ne5 (21... Ne7 $16) 22. dxe6+ dxe6 {[#]} 23. Ne2 $2 ({Only move:} 23. f4 $1 $18) 23... Rb8 $1 $15 24. f4 $2 {[#]} (24. Ka2 $15 Nd3 25. Rxd3 cxd3 26. Qxc7+ {[%mdl 64] Double Attack} Qe7 27. Qxb8 dxe2 28. Rg1) 24... Nd3 $2 (24... Bxa3 $1 $19 25. fxe5 Qxe5 {[%mdl 64] Double Attack}) 25. Rxd3 $1 $16 cxd3 26. Qxc7+ {[%mdl 64] Double Attack} Qe7 (26... Be7 $16 27. Qxb8 dxe2 28. Rxe2 Qh4) 27. Qxb8 $18 dxe2 28. Rxe2 {KQR-KQB} Qd7 {aiming for ...Qd1+.} 29. Qb3 Be7 30. Ka2 Qa7 $2 (30... Qb5 {was worth a try.} 31. Qxb5 axb5) 31. e4 {Black must now prevent exf5.} g6 (31... Qc5 $18 32. exf5 Qxf5) 32. exf5 gxf5 33. Qxe6+ {[%mdl 64] Double Attack. Av CentiPawn Loss W=-25/B=-81. Weighted=-30/-86} 1-0

[Event "Meister-Talente"]
[Site "Emanuel Lasker Arena"]
[Date "2020.11.06"]
[Round "8"]
[White "Tschigorinfan97"]
[Black "HannesFM"]
[Result "0-1"]
[WhiteElo "2166"]
[BlackElo "1991"]
[Annotator "NA RC"]
[PlyCount "106"]
[EventDate "2020.11.06"]
[EventType "tourn (blitz)"]

1. d4 {[%emt 0:00:03]} Nf6 {[%emt 0:00:01]} 2. c4 {[%emt 0:00:01]} e6 {[%emt 0:00:01]} 3. Nc3 {[%emt 0:00:01]} Bb4 {[%emt 0:00:01]} 4. Nf3 {[%emt 0:00:01]} O-O {[%emt 0:00:03]} 5. Bg5 {[%emt 0:00:01]} h6 {[%emt 0:00:01]} 6. Bh4 {[%emt 0:00:02]} d5 {[%emt 0:00:01]} 7. e3 {[%emt 0:00:01]} c5 {[%emt 0:00:02]} 8. Rc1 {[%emt 0:00:02]} Nc6 {[%emt 0:00:02]} 9. Be2 {[%emt 0:00:04]} cxd4 {[%emt 0:00:04]} 10. exd4 {[%emt 0:00:02]} Be7 {[%emt 0:00:03]} 11. c5 {[%emt 0:00:10]} Ne4 {[%emt 0:00:08]} 12. Bxe7 {[%emt 0:00:03]} Qxe7 {[%emt 0:00:00]} 13. O-O {[%emt 0:00:01]} b6 {[%emt 0:00:28]} 14. cxb6 {[%emt 0:00:16]} axb6 {[%emt 0:00:00]} 15. Nxe4 {[%emt 0:00:05]} dxe4 {[%emt 0:00:02]} 16. Rxc6 {[%emt 0:00:02]} exf3 {[%emt 0:00:01]} 17. Bxf3 {[%emt 0:00:00]} Rxa2 {[%emt 0:00:04]} 18. Rxb6 {[%emt 0:00:06]} Rd8 {[%emt 0:00:09]} 19. Qb3 {[%emt 0:00:17]} Qa7 {[%emt 0:00:14]} 20. Rd1 {[%emt 0:00:08]} Ra1 {[%emt 0:00:03]} 21. Rb4 {[%emt 0:00:12]} Bd7 {[%emt 0:00:34]} 22. Rb7 {[%emt 0:00:14]} Rxd1+ {[%emt 0:00:02]} 23. Qxd1 {[%emt 0:00:00]} Qa2 {[%emt 0:00:06]} 24. h3 {[%emt 0:00:14]} Be8 {[%emt 0:00:30]} 25. Qd2 {[%emt 0:00:18]} Qc4 {[%emt 0:00:10]} 26. Rb4 {[%emt 0:00:15]} Qa6 {[%emt 0:00:01]} 27. d5 {[%emt 0:00:07]} Qd6 {[%emt 0:00:28]} 28. Rd4 {[%emt 0:00:14]} e5 {[%emt 0:00:01]} 29. Rd3 {[%emt 0:00:21]} f5 {[%emt 0:00:01]} 30. Ra3 {[%emt 0:00:10]} Bf7 {[%emt 0:00:07]} 31. Ra5 {[%emt 0:00:02]} e4 {[%emt 0:00:17]} 32. Bd1 {[%emt 0:00:01]} f4 {[%emt 0:00:02]} 33. Qd4 {[%emt 0:00:06]} Re8 {[%emt 0:00:04]} 34. Be2 {[%emt 0:00:20]} e3 {[%emt 0:00:01]} 35. fxe3 {[%emt 0:00:02]} fxe3 {[%emt 0:00:01]} 36. Ra3 {[%emt 0:00:03]} Qg3 {[%emt 0:00:01]} 37. Qg4 {[%emt 0:00:02]} Qf2+ {[%emt 0:00:01]} 38. Kh2 {[%emt 0:00:00]} Bxd5 {[%emt 0:00:08]} 39. Ra7 {[%emt 0:00:01]} Qf6 {[%emt 0:00:01]} 40. Bc4 {[%emt 0:00:03]} Qe5+ {[%emt 0:00:04]} 41. g3 {[%emt 0:00:02]} Bxc4 {[%emt 0:00:01]} 42. Qxc4+ {[%emt 0:00:00]} Kh8 {[%emt 0:00:00]} 43. Qe2 {[%emt 0:00:01]} Rd8 {[%emt 0:00:01]} 44. Qe1 {[%emt 0:00:05]} Rd2+ {[%emt 0:00:02]} 45. Kg1 {[%emt 0:00:01]} Qe4 {[%emt 0:00:03]} 46. Qf1 {[%emt 0:00:03]} Rf2 {[%emt 0:00:02]} 47. Rf7 {[%emt 0:00:05]} Rxf1+ {[%emt 0:00:02]} 48. Rxf1 {[%emt 0:00:01]} Qc2 {[%emt 0:00:05]} 49. Re1 {[%emt 0:00:02]} Qd2 {[%emt 0:00:04]} 50. Kh1 {[%emt 0:00:00]} Qxe1+ {[%emt 0:00:01]} 51. Kg2 {[%emt 0:00:00]} Qf2+ {[%emt 0:00:00]} 52. Kh1 {[%emt 0:00:00]} e2 {[%emt 0:00:00]} 53. b4 {[%emt 0:00:01]} e1=Q# {[%emt 0:00:00] (Lag: Av=0.87s, max=1.2s)} 0-1

[Event "Meister-Talente"]
[Site "Emanuel Lasker Arena"]
[Date "2020.11.06"]
[Round "8"]
[White "Ailton_32"]
[Black "Beyond_uoschi"]
[Result "1/2-1/2"]
[WhiteElo "2021"]
[BlackElo "2119"]
[Annotator "NA RC"]
[PlyCount "130"]
[EventDate "2020.11.06"]
[EventType "tourn (blitz)"]

1. d4 {[%emt 0:00:07]} d5 {[%emt 0:00:01]} 2. Nf3 {[%emt 0:00:02]} Nf6 {[%emt 0:00:01]} 3. g3 {[%emt 0:00:01]} e6 {[%emt 0:00:03]} 4. Bg2 {[%emt 0:00:01]} Be7 {[%emt 0:00:01]} 5. O-O {[%emt 0:00:00]} O-O {[%emt 0:00:00]} 6. c4 {[%emt 0:00:03]} dxc4 {[%emt 0:00:00]} 7. Qc2 {[%emt 0:00:02]} a6 {[%emt 0:00:01]} 8. Qxc4 {[%emt 0:00:09]} b5 {[%emt 0:00:01]} 9. Qc2 {[%emt 0:00:00]} Bb7 {[%emt 0:00:01]} 10. Bd2 {[%emt 0:00:01]} Be4 {[%emt 0:00:01]} 11. Qc1 {[%emt 0:00:01]} c6 {[%emt 0:00:01]} 12. Rd1 {[%emt 0:00:04]} Nbd7 {[%emt 0:00:07]} 13. Nc3 {[%emt 0:00:04]} Bg6 {[%emt 0:00:01]} 14. a3 {[%emt 0:00:01]} Rc8 {[%emt 0:00:48]} 15. Be1 {[%emt 0:00:01]} a5 {[%emt 0:00:10]} 16. Ne5 {[%emt 0:00:08]} Nxe5 {[%emt 0:00:10]} 17. dxe5 {[%emt 0:00:02]} Nd5 {[%emt 0:00:00]} 18. Ne4 {[%emt 0:00:33]} Qb6 {[%emt 0:00:33]} 19. Nd6 {[%emt 0:00:10]} Bxd6 {[%emt 0:00:48]} 20. exd6 {[%emt 0:00:00]} f5 {[%emt 0:00:00]} 21. Bc3 {[%emt 0:01:14]} Nxc3 {[%emt 0:00:42]} 22. Qxc3 {[%emt 0:00:00]} Rfd8 {[%emt 0:00:00]} 23. Qe5 {[%emt 0:00:11]} Bf7 {[%emt 0:00:01]} 24. Rd2 {[%emt 0:00:29]} c5 {[%emt 0:00:01]} 25. Rad1 {[%emt 0:00:01]} c4 {[%emt 0:00:01]} 26. h4 {[%emt 0:00:04]} Rc5 {[%emt 0:00:01]} 27. Qd4 {[%emt 0:00:03]} e5 {[%emt 0:00:02]} 28. Qe3 {[%emt 0:00:05]} b4 {[%emt 0:00:03]} 29. axb4 {[%emt 0:00:03]} axb4 {[%emt 0:00:00]} 30. Bd5 {[%emt 0:00:01]} Bxd5 {[%emt 0:00:12]} 31. Rxd5 {[%emt 0:00:01]} Rxd5 {[%emt 0:00:00]} 32. Rxd5 {[%emt 0:00:01]} Qxe3 {[%emt 0:00:06]} 33. fxe3 {[%emt 0:00:00]} Kf7 {[%emt 0:00:01]} 34. Rxe5 {[%emt 0:00:16]} Rxd6 {[%emt 0:00:01]} 35. Rxf5+ {[%emt 0:00:01]} Ke6 {[%emt 0:00:01]} 36. Rc5 {[%emt 0:00:01]} Rd2 {[%emt 0:00:02]} 37. Rxc4 {[%emt 0:00:00]} Rxb2 {[%emt 0:00:01]} 38. Kf2 {[%emt 0:00:00]} b3 {[%emt 0:00:03]} 39. e4 {[%emt 0:00:02]} Rb1 {[%emt 0:00:01]} 40. Rb4 {[%emt 0:00:01]} b2 {[%emt 0:00:01]} 41. Ke3 {[%emt 0:00:01]} Kf6 {[%emt 0:00:00]} 42. Rb6+ {[%emt 0:00:03]} Kf7 {[%emt 0:00:01]} 43. e5 {[%emt 0:00:04]} Ke7 {[%emt 0:00:00]} 44. Ke4 {[%emt 0:00:02]} Kf7 {[%emt 0:00:05]} 45. e3 {[%emt 0:00:04]} Ke7 {[%emt 0:00:01]} 46. g4 {[%emt 0:00:03]} Kf7 {[%emt 0:00:01]} 47. g5 {[%emt 0:00:01]} h6 {[%emt 0:00:01]} 48. gxh6 {[%emt 0:00:01]} gxh6 {[%emt 0:00:00]} 49. Rb7+ {[%emt 0:00:02]} Ke6 {[%emt 0:00:02]} 50. Rb6+ {[%emt 0:00:01]} Ke7 {[%emt 0:00:01]} 51. h5 {[%emt 0:00:02]} Kf7 {[%emt 0:00:01]} 52. Rb7+ {[%emt 0:00:07]} Ke6 {[%emt 0:00:03]} 53. Rb6+ {[%emt 0:00:00]} Ke7 {[%emt 0:00:01]} 54. e6 {[%emt 0:00:06]} Kf6 {[%emt 0:00:02]} 55. e7+ {[%emt 0:00:00]} Kxe7 {[%emt 0:00:01]} 56. Ke5 {[%emt 0:00:00]} Re1 {[%emt 0:00:04]} 57. Rxb2 {[%emt 0:00:02]} Rxe3+ {[%emt 0:00:01]} 58. Kf5 {[%emt 0:00:00]} Rg3 {[%emt 0:00:02]} 59. Rb7+ {[%emt 0:00:01]} Kd6 {[%emt 0:00:11]} 60. Rb6+ {[%emt 0:00:01]} Ke7 {[%emt 0:00:03]} 61. Rxh6 {[%emt 0:00:01]} Kf7 {[%emt 0:00:00]} 62. Ra6 {[%emt 0:00:03]} Kg7 {[%emt 0:00:01]} 63. Kf4 {[%emt 0:00:06]} Rg1 {[%emt 0:00:01]} 64. Rg6+ {[%emt 0:00:02]} Rxg6 {[%emt 0:00:02]} 65. hxg6 {[%emt 0:00:00]} Kxg6 {[%emt 0:00:00] (Lag: Av=0.32s, max=0.6s)} 1/2-1/2

[Event "Meister-Talente"]
[Site "Emanuel Lasker Arena"]
[Date "2020.11.06"]
[Round "8"]
[White "Sreyas2008"]
[Black "Psammenitos."]
[Result "0-1"]
[WhiteElo "1870"]
[BlackElo "2489"]
[Annotator "NA RC"]
[PlyCount "88"]
[EventDate "2020.11.06"]
[EventType "tourn (blitz)"]

1. e4 {[%emt 0:00:09]} Nc6 {[%emt 0:00:06]} 2. f4 {[%emt 0:00:07]} d5 {[%emt 0:00:02]} 3. exd5 {[%emt 0:00:03]} Qxd5 {[%emt 0:00:02]} 4. Nc3 {[%emt 0:00:01]} Qe6+ {[%emt 0:00:12]} 5. Qe2 {[%emt 0:00:08]} Nd4 {[%emt 0:00:07]} 6. Qxe6 {[%emt 0:00:03]} Bxe6 {[%emt 0:00:00]} 7. Bd3 {[%emt 0:00:02]} Nh6 {[%emt 0:00:06]} 8. Nge2 {[%emt 0:00:02]} Nxe2 {[%emt 0:00:09]} 9. Bxe2 {[%emt 0:00:00]} Nf5 {[%emt 0:00:03]} 10. d3 {[%emt 0:00:07]} Nd4 {[%emt 0:00:01]} 11. Bd1 {[%emt 0:00:01]} O-O-O {[%emt 0:00:03]} 12. Be3 {[%emt 0:00:02]} g6 {[%emt 0:00:02]} 13. O-O {[%emt 0:00:09]} Bg7 {[%emt 0:00:01]} 14. g4 {[%emt 0:00:19]} h5 {[%emt 0:00:08]} 15. h3 {[%emt 0:00:18]} hxg4 {[%emt 0:00:03]} 16. hxg4 {[%emt 0:00:00]} Rh4 {[%emt 0:00:01]} 17. Bf2 {[%emt 0:00:14]} Rh3 {[%emt 0:00:14]} 18. Kg2 {[%emt 0:00:05]} Rdh8 {[%emt 0:00:09]} 19. Bg3 {[%emt 0:00:07]} Bd7 {[%emt 0:00:01]} 20. Ne4 {[%emt 0:00:08]} Bc6 {[%emt 0:00:01]} 21. c3 {[%emt 0:00:07]} f5 {[%emt 0:00:34]} 22. gxf5 {[%emt 0:00:02]} gxf5 {[%emt 0:00:01]} 23. cxd4 {[%emt 0:00:01]} fxe4 {[%emt 0:00:42]} 24. Bg4+ {[%emt 0:00:03]} Bd7 {[%emt 0:00:01]} 25. Bxd7+ {[%emt 0:00:21]} Kxd7 {[%emt 0:00:00]} 26. dxe4 {[%emt 0:00:01]} Bxd4 {[%emt 0:00:01]} 27. Rad1 {[%emt 0:00:01]} c5 {[%emt 0:00:01]} 28. b4 {[%emt 0:00:20]} b6 {[%emt 0:00:02]} 29. e5 {[%emt 0:00:07]} R3h7 {[%emt 0:00:16]} 30. f5 {[%emt 0:00:12]} Rg8 {[%emt 0:00:02]} 31. f6 {[%emt 0:00:03]} Ke6 {[%emt 0:00:05]} 32. bxc5 {[%emt 0:00:06]} Bxe5 {[%emt 0:00:07]} 33. Rd3 {[%emt 0:00:08]} exf6 {[%emt 0:00:04]} 34. cxb6 {[%emt 0:00:12]} Rhg7 {[%emt 0:00:01]} 35. Rff3 {[%emt 0:00:04]} axb6 {[%emt 0:00:01]} 36. Rb3 {[%emt 0:00:02]} Rxg3+ {[%emt 0:00:01]} 37. Rxg3 {[%emt 0:00:02]} Rxg3+ {[%emt 0:00:00]} 38. Rxg3 {[%emt 0:00:01]} Bxg3 {[%emt 0:00:00]} 39. Kxg3 {[%emt 0:00:00]} Ke5 {[%emt 0:00:02]} 40. Kf3 {[%emt 0:00:01]} b5 {[%emt 0:00:02]} 41. Ke3 {[%emt 0:00:03]} b4 {[%emt 0:00:07]} 42. Kd3 {[%emt 0:00:01]} f5 {[%emt 0:00:01]} 43. Kc4 {[%emt 0:00:01]} f4 {[%emt 0:00:01]} 44. Kd3 {[%emt 0:00:02]} Kd5 {[%emt 0:00:02] Sreyas2008 resigns} 0-1